Logo

OPEN PUBLIC ACCESS CATALOGUE

ggplot2: Elegant Graphics for Data Analysis 2/e (Record no. 12)

MARC details
000 -LEADER
fixed length control field 00316nam a2200145Ia 4500
005 - DATE AND TIME OF LATEST TRANSACTION
control field 20260513122049.0
020 ## - INTERNATIONAL STANDARD BOOK NUMBER
International Standard Book Number 9783319242750
100 ## - MAIN ENTRY--PERSONAL NAME
Personal name Wickham
245 ## - TITLE STATEMENT
Title ggplot2: Elegant Graphics for Data Analysis 2/e
260 ## - PUBLICATION, DISTRIBUTION, ETC.
Name of publisher, distributor, etc. Springer
365 ## - TRADE PRICE
Currency code
365 ## - TRADE PRICE
Price amount 28.00
942 ## - ADDED ENTRY ELEMENTS (KOHA)
Koha item type Book
Holdings
Withdrawn status Lost status Damaged status Not for loan Home library Current library Date acquired Cost, normal purchase price Inventory number Total checkouts Barcode Date last seen Cost, replacement price Price effective from Koha item type
        University of New South Wales University of New South Wales 05/08/2026 64.99 16697   000148 05/13/2026 64.99 05/13/2026 Book